| 000 | 01151cab a22002175a 4500 | ||
|---|---|---|---|
| 001 | L155901 | ||
| 008 | 120420e2012 xxk 000 0 eng d | ||
| 035 | _a(Sirsi) u155901 | ||
| 041 | 0 | _aeng | |
| 100 | 1 | _aUnger, Paul | |
| 245 | 0 | 0 |
_aMarkets _bCheshire, North Wales and Merseyside |
| 260 | _c2012 | ||
| 490 | 0 |
_aProperty Week _v78(15) 13 April 2012, 41-50 (5) |
|
| 520 | _aThe proposed 6000 acre Deeside enterprise zone could generate over 7 000 new jobs from advanced manufacturers such as Airbus and Toyota. Space Northwest, a joint venture between Ashtenne Industrial Fund and the Northwest Regional Development Agency, is finding its schedule of NWDA disposals a slow process half way through its lifespan. Cheshire East Council produced in March a development prospectus for the rail town. Cheshire West and Chester Council may develop two large retail schemes in chester and Northwich. Poor office take-up figures on Liverpool's waterfront might suggest that they are ripe for conversion. | ||
| 590 | _aKA | ||
| 651 | 4 | _aCheshire | |
| 651 | 4 | _aNorth Wales | |
| 651 | 4 | _aMerseyside | |
| 690 |
_aCommercial property _96227 |
||
| 942 | _n0 | ||
| 999 |
_c83926 _d83926 |
||